| 000 | 00680nam a2200205 a 4500 | ||
|---|---|---|---|
| 003 | 0 | ||
| 005 | 20250215103120.0 | ||
| 008 | 130827s19uu xx 00 eng d | ||
| 050 |
_aPGS Z 711 _b.Az992 2013 |
||
| 100 | _aAzarcon, Aden D. | ||
| 245 |
_aLibrary usage and research skills / _cAden D. Azarcon. |
||
| 260 |
_aLas PiƱas City, Philippines : _bSouthville International School and Colleges, _c2013. |
||
| 300 |
_a36 pages : _billustrations ; _c28 cm. |
||
| 504 | _aIncludes bibliographical references. | ||
| 650 | _aLibrary use studies. | ||
| 650 | _aResearch skills. | ||
| 650 | _aLibraries and students. | ||
| 650 | _aSixth grade (Education). | ||
| 942 |
_2lcc _cPASS |
||
| 999 |
_c98979 _d98979 |
||